000 00789nam a2200241Ia 4500
003 OSt
005 20220926042900.0
006 a|||||r|||| 00| 0
007 ta
008 220923b |||||||| |||| 00| 0 eng d
037 _cGeneral Book
040 _aRTL
_cRTL
_beng
041 _2eng
_aeng
082 _aY31:7:7.2.N6t4, K5
100 _aRao V K R V and others
_9346880
110 _aKhadi and Village Industries Commission (Chairman: V K R V Rao)
_9346881
245 0 _aStudy in the working of the intensive area scheme
260 _c1965
650 _aCommunity Development
700 _aKhadi and Village Industries Commission (Chairman: V K R V Rao)
_9346882
942 _hY31:7:7.2.N6t4, K5
_cGB
_2CC
999 _c670795
_d670795